00609 a2200181 450000500170000000800410001702000180005804000480007604100080012410000210013224500890015326000540024230000380029650400410033465000160037565000180039165000180040920200812151310.0200812s2018 maua|||fr|||| 00| 0 eng d a9780889374928 aCO-BoUCMbspacDeissy GarciadDeissy Garcia0 aeng1 aNiemiec, Ryan M.10aCharacter strengths interventions ba field guide for practitionerscRyan M. Niemiec aBoston, MassachusettsbHogrefe Publishingc[2018] axx, 299 páginas bilustraciones aIncluye referencias bibliográficas 7aCarácter  7aPersonalidad  7aPsicología